000 00629nam a22002537a 4500
003 UA-OsUOA
001 20462
007 ta
008 20031029b un ||||| |||| 00| 0 ukr d
100 _aКрылова О. В.
090 _a910.1(47+57)
_bК85
942 _cBK
040 _aUA-OsUOA
_brus
_cUA-OsUOA
_dUA-OsUOA
245 _aУроки геграфии
_b7 класс
300 _a224 с.
_bІлюстрації
955 _a0
041 _arus
080 _a910.1(47+57)
020 _a5-09-002621-1
260 _aМосква
_bПросвещение
_c1990
044 _aRU
650 7 _2UDC
999 _c306639
_d306639